[Event "NRW Class2 0405"]
[Site "Germany"]
[Date "2005.04.24"]
[Round "9.8"]
[White "Roesner, Harald"]
[Black "Kuesters, Dirk"]
[Result "1-0"]
[WhiteElo "1998"]
[BlackElo "1897"]
[PlyCount "45"]
[EventDate "2004.10.10"]
[EventType "team"]
[EventRounds "9"]
[EventCountry "GER"]
[SourceTitle "EXT 2006"]
[Source "ChessBase"]
[SourceDate "2005.11.24"]
[SourceVersion "1"]
[SourceVersionDate "2005.11.24"]
[SourceQuality "1"]
[WhiteTeam "Neuenkirchen"]
[BlackTeam "Krefeld Turm"]
[WhiteTeamCountry "GER"]
[BlackTeamCountry "GER"]

1. d4 Nf6 2. Nf3 d5 3. Bf4 e6 4. e3 Be7 5. Bd3 0-0 6. Nbd2 Nbd7 7. h3 c5 8. c3 b6 9. 0-0 Bb7 10. Ne5 Ne4 11. Qc2 f5 12. Nxe4 dxe4 13. Bb5 Nf6 14. dxc5 Bxc5 15. Rad1 Qc8 16. Nd7 Rd8 17. Nxf6+ gxf6 18. Rxd8+ Qxd8 19. Rd1 Qc8 20. Bd7 Qf8 21. Bxe6+ Kh8 22. Bxf5 Re8 23. b4 1-0